Závislosť výdavkov na nákup tovaru a služieb od rastu peňažných príjmov obyvateľstva v Západoslovenskom kraji záverečná práca postgraduálneho štúdia

Na minha lista:
Detalhes bibliográficos
Autor principal: Hotová, Katarína
Autor Corporativo: Vysoká škola ekonomická v Bratislave
Outros Autores: Bakytová, Hedviga
Formato: Livro
Idioma:eslovaco
Publicado em: Bratislava 1987
Tags: Adicionar Tag
Sem tags, seja o primeiro a adicionar uma tag!

MARC

LEADER 00000nam a2200000 4500
001 c023815
005 20260108080105.4
041 0 |a slo 
044 |a SK 
245 1 0 |a Závislosť výdavkov na nákup tovaru a služieb od rastu peňažných príjmov obyvateľstva v Západoslovenskom kraji  |b záverečná práca postgraduálneho štúdia  |c Katarína Hotová ; Ved. práce Hedviga Bakytová 
264 1 |a Bratislava  |c 1987 
300 |a 45 s. 
100 1 |a Hotová, Katarína 
700 1 |a Bakytová, Hedviga 
710 2 |a Vysoká škola ekonomická v Bratislave